History Quiz

Random History or Country Quiz

Political Photos from the 1970s Quiz Stats

 Plays Quiz Updated Dec 5, 2015

Challenge
Share
Tweet
Score 0/15 Timer 04:00
9 Plays Today
% Correct
North Vietnam 1970 - The Vietnam War
99.1%
China 1970 - Soldiers read Mao's Little Red Book
95.6%
United States 1974 - Nixon resigns and leaves the White House after Watergate
90.3%
Spain 1975 - The death of general Franco
87.1%
Saudi Arabia 1975 - King Khalid designs his military city
83.7%
West Germany 1972 - Terrorist during attack on Israeli athletes in Olympics
78.1%
Uganda 1975 - Idi Amin makes statement by getting carried by White Ugandans
72.1%
United Kingdom 1972 - Bloody Sunday, Northern Ireland
70.2%
% Correct
Cyprus 1974 - Cypriots protest against separation
59.8%
Guyana 1978 - The Jonestown Massacre
48.8%
Israel 1970 - Yasser Arafat co-ordinates attacks from a cave on Israeli border
47.6%
Iran 1979 - The Iranian Revolution by the Azadi Tower in Tehran
26.8%
Egypt 1973 - Egyptian forces cross into Sinai Desert during the Yom Kippur War
24.1%
Portugal 1974 - The Carnation Revolution
18.6%
Central African Empire 1977 - Coronation of self-proclaimed Emperor Bokassa
14.4%

You're not logged in!

Compare scores with friends on all Sporcle quizzes.
OR
Log In

You Might Also Like...

Show Comments

Extras

Top Quizzes Today


Score Distribution

Your Account Isn't Verified!

In order to create a playlist on Sporcle, you need to verify the email address you used during registration. Go to your Sporcle Settings to finish the process.

Report this User

Report this user for behavior that violates our Community Guidelines.

Details: